header

Nineteenth-century women's writing in Wales (Record no. 46895)

MARC details
000 -LEADER
fixed length control field 01357nam a2200349 a 4500
100 1# - MAIN ENTRY--AUTHOR NAME
Personal name Aaron, Jane.
245 10 - TITLE STATEMENT
Title Nineteenth-century women's writing in Wales
250 ## - EDITION STATEMENT
Edition statement 2nd ed.
260 ## - PUBLICATION, DISTRIBUTION, ETC. (IMPRINT)
Place of publication Cardiff :
Name of publisher University of Wales Press,
Year of publication 2010.
300 ## - PHYSICAL DESCRIPTION
Number of Pages viii, 263 p.
650 #0 - SUBJECT ADDED ENTRY--TOPICAL TERM
Topical Term Women
Topical Term English literature
Topical Term English literature
Topical Term English literature
856 40 - ELECTRONIC LOCATION AND ACCESS
Uniform Resource Identifier http://site.ebrary.com/lib/rucke/Doc?id=10633963

No items available.

© 2026 Rongo University
Contact us: librarian | system librarian | Rongo university